• 首页
  • 本馆介绍
  • 公告通知
  • 最新文献
  • 馆藏检索
  • 电子资源
  • 读者导购
  • 参考咨询
  • 我的图书馆
  • 登录
  • 详细信息显示
  • 放入我的书架
  • 预约/预借图书
  • 作者相关作品
  • 分类相关作品
  • 丛书相关作品
  • 出版社相关作品

书目信息

  • 表格格式
  • 工作单格式
  • 卡片格式
题名:
马克思恩格斯道德教育思想研究
    
 
作者: 高凤敏 著
分册:  
出版信息: 济南   山东人民出版社  2015.11
页数: 223页
开本: 24cm
丛书名:
单 册:
中图分类: A811.64
科图分类:
主题词: 品德教育--教育思想--马恩著作研究
电子资源:
ISBN: 978-7-209-09227-2
000 01067nam0 2200253 450
001 0120161757918
005 20160704085221.06
010    @a978-7-209-09227-2@dCNY38.00
100    @a20160128d2015 em y0chiy50 ea
101 0  @achi
102    @aCN@b370000
105    @ay z 000yy
106    @ar
200 1  @a马克思恩格斯道德教育思想研究@9ma ke si en ge si dao de jiao yu si xiang yan jiu@dStudy on moral education thought of Marx and Engels@f高凤敏著@zeng
210    @a济南@c山东人民出版社@d2015.11
215    @a223页@d24cm
330    @a本书是从原著出发,对马克思恩格斯道德教育思想的深入挖掘和整体解读。主要內容包括:马克思恩格斯道德教育思想的时代背景与理论渊源;马克思恩格斯道德教育思想的形成与发展;马克思恩格斯对道德教育必要性、主客体和价值目标的分析等六章。
333    @a教育思想研究人员
510 1  @aStudy on moral education thought of Marx and Engels@zeng
606 0  @a品德教育@x教育思想@x马恩著作研究
690    @aA811.64@v5
701  0 @a高凤敏@9gao feng min@f(1982-)@4著
801  0 @aCN@b人天书店@c20160128
905    @b880508-13@dA811.64@e259@f6
    
    马克思恩格斯道德教育思想研究=Study on moral education thought of Marx and Engels/高凤敏著.-济南:山东人民出版社,2015.11
    223页;24cm
    使用对象:教育思想研究人员
    
    ISBN 978-7-209-09227-2:CNY38.00
    本书是从原著出发,对马克思恩格斯道德教育思想的深入挖掘和整体解读。主要內容包括:马克思恩格斯道德教育思想的时代背景与理论渊源;马克思恩格斯道德教育思想的形成与发展;马克思恩格斯对道德教育必要性、主客体和价值目标的分析等六章。
●
相关链接 在E读中查询图书 在五车中查询图书 在当当中查询图书 在豆瓣中查询图书


正题名:马克思恩格斯道德教育思想研究     索取号:A811.64/259         预约/预借

序号 登录号 条形码 馆藏地/架位号 状态 备注
1 880508   208805088   第一样本阅览室/ [索取号:A811.64/259] 在馆    
2 880509   208805097   教育系资料室/ [索取号:A811.64/259] 在馆    
3 880510   208805104   教育系资料室/ [索取号:A811.64/259] 在馆    
4 880511   208805113   教育系资料室/ [索取号:A811.64/259] 在馆    
5 880512   208805122   第一借阅区/ [索取号:A811.64/259] 在馆    
6 880513   208805131   第一借阅区/ [索取号:A811.64/259] 在馆    
唐山师范学院图书馆 欢迎您!
大连网信软件有限公司© 版权所有